Regionen von Tschechien - Statistiken

Allgemein
  • Dieses Quiz wurde 273 mal gespielt
  • Das Durchschnittsergebnis liegt bei 5 aus 14
Antworten auf der Karte
Die Antworten werden auf der Karte rot bzw. grün angezeigt, abhängig davon wie oft sie richtig erraten wurden.
 
Antwortstatistiken
Antwort % Korrekt
Prag
97%
Pilsener Region
54%
Südböhmische Region
43%
Karlsbader Region
42%
Südmährische Region
40%
Mittelböhmische Region
36%
Olmützer Region
36%
Aussiger Region
30%
Reichenberger Region
27%
Zliner Region
27%
Königgrätzer Region
25%
Hochland
24%
Mährisch-Schlesische Region
24%
Pardubitzer Region
22%
Keine übereinstimmenden Quizze gefunden
Verteilung der Resultate
Anzahl Personen mit jedem Resultat
Perzentil nach korrekt beantworteten Fragen
Ihre Resultats-Entwicklung
Sie haben dieses Quiz noch nicht gespielt